=LDR 00000nam 2200000 4500 =001 NUTBA000000000001985 =005 20140528123343.0 =006 =007 =008 =020 ##$$a 978-979-29-2728-3 =035 ##$$a 0010-051400000000450 =040 ##$$a NBPDMAT =082 ##$$a 639.31 =090 ##$$a 639.31 $b Eko s =100 ##$$a Eko Budi Kuncoro =245 ##$$a Sukses budidaya ikan hias air tawar / $c Eko Budi Kuncoro =260 ##$$a Yogyakarta : $b Andi, $c 2011 =300 ##$$a viii, 436 hlm. : $b ilus. ; $c 23 cm. =500 ##$$a Bibliografi : 435 hlm. =650 ##$$a Ikan Hias - Budidaya =850 ##$$a NBPDMAT =990 ##$$a 21400527